Normal view
MARC view
- Food Science
Entry Topical Term
001 - CONTROL NUMBER
- control field: 197
003 - CONTROL NUMBER IDENTIFIER
- control field: OSt
005 - DATE AND TIME OF LATEST TRANSACTION
- control field: 20141210161558.0
008 - FIXED-LENGTH DATA ELEMENTS
- fixed length control field: 141210|| aca||aabn | a|a d
040 ## - CATALOGING SOURCE
- Original cataloging agency: OSt
- Transcribing agency: OSt
150 ## - HEADING--TOPICAL TERM
- Topical term or geographic name as entry element: Food Science
670 ## - SOURCE DATA FOUND
- Source citation: Work cat.: (OSt): Sudhir Andrews 196, Food and Beverage Service: A Training Manual , 2011
